000 00307nam a2200121Ia 4500
008 240731s9999 xx 000 0 und d
022 _a2040-0616
245 0 _aStudies in Theatre and Performance
260 _bRoutledge
856 _uhttps://www.tandfonline.com/loi/rstp20
942 _2ddc
942 _cTFEJ
999 _c79602
_d79602
945 _a1
_bMadushi Gamage
_c1
_dMadushi Gamage